শিক্ষা-মনোবিজ্ঞান: (Record no. 18585)
[ view plain ]
| 000 -LEADER | |
|---|---|
| fixed length control field | 00924nam a22002297a 4500 |
| 003 - CONTROL NUMBER IDENTIFIER | |
| control field | BDDh-ASL |
| 005 - DATE AND TIME OF LATEST TRANSACTION | |
| control field | 20231015025721.0 |
| 008 - FIXED-LENGTH DATA ELEMENTS--GENERAL INFORMATION | |
| fixed length control field | 201015s2006 b ||||| |||| 00| 0 b d |
| 020 ## - INTERNATIONAL STANDARD BOOK NUMBER | |
| International Standard Book Number | 9844461022 |
| 040 ## - CATALOGING SOURCE | |
| Original cataloging agency | BDDh-ASL |
| Transcribing agency | BDDh-ASL |
| 041 ## - LANGUAGE CODE | |
| Language code of text/sound track or separate title | ben |
| 082 ## - DEWEY DECIMAL CLASSIFICATION NUMBER | |
| Classification number | 370.15 |
| Item number | HOE |
| 100 1# - MAIN ENTRY--PERSONAL NAME | |
| 9 (RLIN) | 1421 |
| Personal name | হোসেন, আফরোজা |
| 245 10 - TITLE STATEMENT | |
| Title | শিক্ষা-মনোবিজ্ঞান: |
| Remainder of title | Educational Psychology/ |
| Statement of responsibility, etc. | ড. আফরোজা হোসেন। |
| 246 ## - VARYING FORM OF TITLE | |
| Title proper/short title | Shiksha-Monobiggan by Dr. Afroza Hossain |
| 260 ## - PUBLICATION, DISTRIBUTION, ETC. | |
| Place of publication, distribution, etc. | ঢাকা: |
| Name of publisher, distributor, etc. | প্রতীক প্রকাশনা সংস্থা, |
| Date of publication, distribution, etc. | 2006. |
| 300 ## - PHYSICAL DESCRIPTION | |
| Extent | ২৬৩ পৃ. : |
| Dimensions | ২৩ সে. মি. । |
| 504 ## - BIBLIOGRAPHY, ETC. NOTE | |
| Bibliography, etc. note | Includes bibliographical references and index. |
| 650 #0 - SUBJECT ADDED ENTRY--TOPICAL TERM | |
| 9 (RLIN) | 1399 |
| Topical term or geographic name entry element | শিক্ষা |
| General subdivision | মনোবিজ্ঞান |
| 650 #0 - SUBJECT ADDED ENTRY--TOPICAL TERM | |
| 9 (RLIN) | 1423 |
| Topical term or geographic name entry element | মনোবিজ্ঞান |
| General subdivision | শিক্ষা |
| 942 ## - ADDED ENTRY ELEMENTS (KOHA) | |
| Source of classification or shelving scheme | Dewey Decimal Classification |
| Koha item type | Books |
| Withdrawn status | Lost status | Source of classification or shelving scheme | Damaged status | Not for loan | Collection code | Home library | Current library | Shelving location | Date acquired | Source of acquisition | Total Checkouts | Full call number | Barcode | Date last seen | Copy number | Price effective from | Koha item type |
|---|---|---|---|---|---|---|---|---|---|---|---|---|---|---|---|---|---|
| Dewey Decimal Classification | Non-fiction | Asiatic Society Library | Asiatic Society Library | General Stacks | 10/15/2020 | ASB Collection | 370.15 HOE | 101789 | 10/15/2020 | C-1 | 10/15/2020 | Books |